000 00897nas a2200313 4500
001 BR0103007
003 BR-BrBNA
005 20231205102323.0
007 ta
008 230509b bl.|||p| |||| 00| 00por d
040 _aBR-BrBNA
_bpor
_cBiblioteca Nacional de Agricultura
041 _a(En)
072 _aL73
100 1 _aBaldassi, L.
100 1 _aCastro, A.G.M.
100 1 _aGuerra, J.L.
100 1 _aPortugal, M.A.S.C.
100 1 _aCalil, E.M.B.
100 1 _aMacruz, R.
245 1 _aNecrotic enteritis on Broilers in Sao Paulo State
650 _aFrango de Corte
650 _aEnterite
650 _aAnalise Bacteriologica
650 _aEnterotoxemia
650 _aSao Paulo
773 0 _tArquivos do Instituto Biologico (Brazil)
_xISSN 0020-3653
_g(Jan-Dec 1995), v. 62(1-2) p. 37-43
_wBR0103007
909 _a202311
_bLúcia
_c55
_dLúcia Elande
942 _2AGRIS
_n0
_cANA
999 _c166960
_d166960